| 000 | 00643nam a2200205 a 4500 | ||
|---|---|---|---|
| 001 | 000048008 | ||
| 003 | DO-SdBNP | ||
| 005 | 20230208104116.0 | ||
| 007 | ta | ||
| 008 | 181012s1995 dr r 000 0 spa d | ||
| 040 |
_aDO-SdBNP _bspa _cBNPHU |
||
| 082 | 4 |
_bC196h _222 _axxx |
|
| 100 | 1 |
_aCampillo Pérez, Julio Genaro _913954 |
|
| 245 | 1 | 0 |
_aHomenaje al primer Santiago de América en su V centenario. / _cJulio Genaro Campillo Pérez. |
| 260 |
_aSantiago de los Caballeros, República Dominicana : _bLiga Municipal Dominicana, _c1995. |
||
| 300 |
_a62 p. ; _c20 cm. |
||
| 590 | _aInventariado, 2018/BT | ||
| 910 | _aBT | ||
| 942 |
_2ddc _cLBS1 |
||
| 999 |
_c47496 _d47496 |
||